La cuenta, por favor : (Record no. 23046)

000 -CABECERA
fixed length control field 01220nam a22002537i 4500
003 - IDENTIFICADOR DEL NÚMERO DE CONTROL
control field AR-CdUCM
008 - DATOS DE LONGITUD FIJA--INFORMACIÓN GENERAL
fixed length control field 240913b20182018 pe||||| |||| 00| 0 spa d
020 ## - NÚMERO INTERNACIONAL ESTÁNDAR DEL LIBRO
ISBN 978-84-08-19427-9
040 ## - FUENTE DE LA CATALOGACIÓN
Agencia/entidad que catalogó originalmente la obra MUNICIPALIDAD PROVINCIAL DEL CUSCO
Entidad que transcribió la catalogación BIBLIOTECA MUNICIPAL DEL CUSCO
082 ## - NÚMERO DE LA CLASIFICACIÓN DECIMAL DEWEY
No. de Clasificación 658.3 / R91
Notacion interna R91
100 ## - ENTRADA PRINCIPAL--NOMBRE DE PERSONA
Nombre Personal Rubert, David
245 ## - MENCIÓN DE TÍTULO
Título La cuenta, por favor :
Resto del título La gestión de negocios de restauración /
260 ## - PUBLICACIÓN, DISTRIBUCIÓN, ETC.
Lugar de publicación, distribución, etc. Barcelona :
Nombre de la editorial, distribuidor, etc. Editorial Planeta, S.A.
Fecha de publicación, distribución, etc. 2018
300 ## - DESCRIPCIÓN FÍSICA
Nº de Páginas Extensión 375 páginas. :
Otros detalles físicos 23 cm.
505 ## - NOTA DE CONTENIDO CON FORMATO
Nota de contenido formateada Negocio de restauración: definición y factores clave -- Definición -- Sectores de restauración -- La estructura de costes en una actividad de restauración -- Tipos (Partidas) de costes en los negocios de restauración -- Enfoque en la lectura e interpretación de los costes -- La gran mentira del 33 % -- Método de los costes -- La cuenta de la explotación en un negocio de restauración -- El coste de materias primas o consumo
650 ## - PUNTO DE ACCESO ADICIONAL DE MATERIA--TÉRMINO DE MATERIA
Descriptor Negocios
9 (RLIN) 825
650 ## - PUNTO DE ACCESO ADICIONAL DE MATERIA--TÉRMINO DE MATERIA
Descriptor Sector de restauración
9 (RLIN) 50424
650 ## - PUNTO DE ACCESO ADICIONAL DE MATERIA--TÉRMINO DE MATERIA
Descriptor Factores clave
9 (RLIN) 50425
650 ## - PUNTO DE ACCESO ADICIONAL DE MATERIA--TÉRMINO DE MATERIA
Descriptor Gestión de negocios
9 (RLIN) 50426
650 ## - PUNTO DE ACCESO ADICIONAL DE MATERIA--TÉRMINO DE MATERIA
Descriptor Coste
9 (RLIN) 50427
942 ## - ELEMENTOS DE PUNTO DE ACCESO ADICIONAL (KOHA)
Fuente de clasificación
Tipo de item Libros-BMC
945 ## - PROCESAMIENTO DE INFORMACIÓN LOCAL (OCLC)
Catalogador pbj
AAAA-MM-DD - Fecha de ingreso o modificacion 2024-09-13
Holdings
Estado de retiro (separado) Fuente de clasificación o esquema de estanterías Estado dañado Ubicación Sala donde se ubica Nombre de la colección Fecha de adquisición o compra Fuente de adquisición Costo, precio normal en soles Signatura topográfica Código de Barras Última vez visto (Koha) Tipo de ítem (Koha)
No     Sala Ciencias Sala Ciencias Book Cart 2024-09-13 Donación 20.00 658.3 / R91 SC0000002404 2024-09-13 Libros-BMC

Powered by Koha